| 000 | 01260nam a22003377a 4500 | ||
|---|---|---|---|
| 003 | CHAP | ||
| 005 | 20220329143048.0 | ||
| 008 | 051123d2005 mx r 00110 spa d | ||
| 010 | _a91386 | ||
| 011 | _a92358 | ||
| 035 | _a102922 | ||
| 040 | _cCHAP | ||
| 090 | _aTesis | ||
| 100 | 0 | 0 |
_aAltuzar Soto, Misrain. _94710 |
| 245 | 1 | 0 |
_aDiagnóstico de anaplasmosis (por medio de la técnica de Elisa) y babesiosis (con la técnica de inmunofluorescencia indirecta) en un hato bovino Holstein Friesian _c/por Misrain Altúzar Soto |
| 260 |
_aCocula, Gro. : _bEl autor, _c2005. |
||
| 300 | _a68 h. | ||
| 502 | _aTesis (Ing. Agr. Zootecnista) -- Colegio Superior Agropecuario del Estado de Guerrero. Centro de Estudios Profesionales | ||
| 590 |
_aALEPH _b10 _c20130110 _lUCH01 _h1507 |
||
| 590 |
_aBATCH-UPD _b10 _c20130110 _lUCH01 _h1726 |
||
| 590 |
_aBATCH-UPD _b10 _c20130410 _lUCH01 _h1108 |
||
| 590 |
_aCONVERSION _b10 _c20130109 _lUCH01 _h1351 |
||
| 650 | 1 | 4 |
_aAnaplasmosis. _95477 |
| 650 | 1 | 4 |
_aGanado Holstein - Friesian. _945148 |
| 650 | 1 | 4 |
_aGanado vacuno _xEnfermedades. _945460 |
| 650 | 1 | 4 |
_aPiroplasmosis bovina. _988521 |
| 901 | _aBK | ||
| 905 | _aAlejandra Carrasco M. | ||
| 942 | _cTESIS | ||
| 949 |
_aTesis _bBC _cTES _d1029221 _eTS1 _h44113 _i102922 _sb |
||
| 999 |
_c91386 _d91386 |
||